Robinson Crusoe/ (Record no. 192711)

MARC details
000 -LEADER
fixed length control field 00567nam a22001937a 4500
005 - DATE AND TIME OF LATEST TRANSACTION
control field 20220930120039.0
010 ## - LCCN (DPL NO)
LC control number B-745741
020 ## - INTERNATIONAL STANDARD BOOK NUMBER
International Standard Book Number 9789389843880
Terms of availability 250.00
035 ## - SYSTEM CONTROL NUMBER
System control number B-745741
037 ## - SOURCE OF ACQUISITION
Source of stock number/acquisition Pharos Books
082 ## - DEWEY DECIMAL CLASSIFICATION NUMBER
Classification number N
100 ## - MAIN ENTRY--PERSONAL NAME
Personal name Defoe, Daniel
245 ## - TITLE STATEMENT
Title Robinson Crusoe/
Statement of responsibility, etc Daniel Defoe
260 ## - PUBLICATION, DISTRIBUTION, ETC. (IMPRINT)
Place of publication, distribution, etc Delhi
Name of publisher, distributor, etc Pharos Books
Date of publication, distribution, etc 2020
270 ## - ADDRESS
Address Plot No.-55, Main Mother Dairy Road, Pandav Nagar
City Delhi
Postal code 110092
300 ## - PHYSICAL DESCRIPTION
Extent 230p.
Dimensions 22cm(pbk)
942 ## - ADDED ENTRY ELEMENTS (KOHA)
Source of classification or shelving scheme Dewey Decimal Classification
Item type English Books
Classification part N
Call number suffix DEF
Holdings
Withdrawn status Lost status Not for loan Collection code Home library Current library Date acquired Source of acquisition Cost, normal purchase price Full call number Barcode Copy number Cost, replacement price Koha item type Public note
      Fiction Sarojini Nagar Sarojini Nagar 30/09/2022 22.9.22/Gift 250.00 N DEF B-745741 1 250.00 English Books Gift

© Delhi Public Library
Hit Counter
free hit counter